<?xml version="1.0" encoding="UTF-8"?>
<record
    xmlns:xsi="http://www.w3.org/2001/XMLSchema-instance"
    xsi:schemaLocation="http://www.loc.gov/MARC21/slim http://www.loc.gov/standards/marcxml/schema/MARC21slim.xsd"
    xmlns="http://www.loc.gov/MARC21/slim">

  <leader>00468nom a22001577a 4500</leader>
  <controlfield tag="005">20220609173919.0</controlfield>
  <controlfield tag="008">190722b        xxu||||| |||| 00| 0 spa d</controlfield>
  <datafield tag="041" ind1=" " ind2=" ">
    <subfield code="a">ESP</subfield>
  </datafield>
  <datafield tag="082" ind1=" " ind2=" ">
    <subfield code="a">&#xD3;rganos p&#xE9;lvicos femeninos</subfield>
  </datafield>
  <datafield tag="245" ind1=" " ind2=" ">
    <subfield code="a">&#xD3;rganos p&#xE9;lvicos femeninos</subfield>
  </datafield>
  <datafield tag="500" ind1=" " ind2=" ">
    <subfield code="a">Se prestan para el mismo d&#xED;a, hasta las 7:50 pm</subfield>
  </datafield>
  <datafield tag="650" ind1=" " ind2=" ">
    <subfield code="a">MODELOS ANAT&#xD3;MICOS</subfield>
    <subfield code="9">63661</subfield>
  </datafield>
  <datafield tag="650" ind1=" " ind2=" ">
    <subfield code="a">SISTEMA REPRODUCTOR FEMENINO</subfield>
    <subfield code="9">23615</subfield>
  </datafield>
  <datafield tag="650" ind1=" " ind2=" ">
    <subfield code="a">&#xD3;RGANOS P&#xC9;LVICOS</subfield>
    <subfield code="9">63662</subfield>
  </datafield>
  <datafield tag="942" ind1=" " ind2=" ">
    <subfield code="c">MA</subfield>
  </datafield>
  <datafield tag="999" ind1=" " ind2=" ">
    <subfield code="c">12160</subfield>
    <subfield code="d">12160</subfield>
  </datafield>
  <datafield tag="952" ind1=" " ind2=" ">
    <subfield code="0">0</subfield>
    <subfield code="1">0</subfield>
    <subfield code="4">0</subfield>
    <subfield code="7">0</subfield>
    <subfield code="g">85000.00</subfield>
    <subfield code="l">0</subfield>
    <subfield code="o">&#xD3;rganos p&#xE9;lvicos femeninos</subfield>
    <subfield code="p">ACT-1953</subfield>
    <subfield code="r">2019-07-22 00:00:00</subfield>
    <subfield code="w">2019-07-22</subfield>
    <subfield code="y">MA</subfield>
  </datafield>
</record>
